It's raining cupcakes /

Twelve-year-old Isabel dreams of seeing the world but has never left Oregon, and so when her best friend, Sophie, tells her of a baking contest whose winners travel to New York City, she eagerly enters despite concerns about her mother, who is opening a cupcake bakery. Includes recipes.

Bibliographic Details
Main Author: Schroeder, Lisa
Format: Book
Language:English
Published: New York : Aladdin, 2010.
Edition:1st Aladdin hardcover ed.
Subjects:

MARC

Tag First Indicator Second Indicator Subfields
LEADER 00000cam a2200000 a 4500
001 in00002652188
005 20151202120541.0
008 090427s2010 nyua c 000 1 eng
010 |a  2009014812 
020 |a 9781416990840 (hardcover edition) 
020 |a 1416990844 (hardcover edition) 
035 |a (OCoLC)ocn319602621 
035 |a (OCoLC)319602621 
040 |a DLC  |c DLC  |d IG#  |d XY4  |d EHH  |d OKN  |d JTH  |d UtOrBLW 
042 |a lcac  |a pcc 
043 |a n-us-or 
049 |a TXAM 
050 0 0 |a PZ7.S3818  |b Its 2010 
082 0 0 |a [Fic]  |2 22 
100 1 |a Schroeder, Lisa. 
245 1 0 |a It's raining cupcakes /  |c by Lisa Schroeder. 
250 |a 1st Aladdin hardcover ed. 
264 1 |a New York :  |b Aladdin,  |c 2010. 
300 |a 193 pages :  |b illustrations ;  |c 22 cm. 
336 |a text  |b txt  |2 rdacontent 
337 |a unmediated  |b n  |2 rdamedia 
338 |a volume  |b nc  |2 rdacarrier 
521 1 |a Ages 8-12. 
520 |a Twelve-year-old Isabel dreams of seeing the world but has never left Oregon, and so when her best friend, Sophie, tells her of a baking contest whose winners travel to New York City, she eagerly enters despite concerns about her mother, who is opening a cupcake bakery. Includes recipes. 
650 1 |a Bakers and bakeries  |v Fiction. 
650 1 |a Contests  |v Fiction. 
650 1 |a Mothers and daughters  |v Fiction. 
650 1 |a Family life  |z Oregon  |v Fiction. 
651 1 |a Oregon  |v Fiction. 
650 0 |a Bakers  |v Juvenile fiction. 
650 0 |a Bakeries  |v Juvenile fiction. 
650 0 |a Cupcakes  |v Juvenile fiction. 
650 0 |a Contests  |v Juvenile fiction. 
650 0 |a Mothers and daughters  |v Juvenile fiction. 
650 0 |a Families  |z Oregon  |v Juvenile fiction. 
651 0 |a Oregon  |v Juvenile fiction. 
948 |a cataloged  |b h  |c 2011/4/18  |d c  |e jstorlie  |f 12:53:36 pm 
994 |a C0  |b TXA 
999 |a MARS 
999 f f |s e3ad9f9e-4967-3ec7-b4cc-66ff87380a4f  |i 87570f72-8ec1-3f5c-b692-5d4b74bae9bb  |t 0 
952 f f |p normal  |a Texas A&M University  |b College Station  |c Sterling C. Evans Library  |d Evans: Curriculum Collection (4th floor)  |t 0  |e PZ7.S3818 Its 2010  |h Library of Congress classification  |i unmediated -- volume  |m A14839577188 
998 f f |a PZ7.S3818 Its 2010  |t 0  |l Evans: Curriculum Collection (4th floor)